Urban landscapes : (Record no. 549366)

000 -LEADER
fixed length control field 00791pam a2200205 a 4500
020 ## - INTERNATIONAL STANDARD BOOK NUMBER
International Standard Book Number 0415070740 :
082 00 - DEWEY DECIMAL CLASSIFICATION NUMBER
Classification number 711.409
Author Mark URB
-- L-37, P-82
245 00 - TITLE STATEMENT
Title Urban landscapes :
Remainder of title international perspectives /
Statement of responsibility, etc. edited by J.W.R. Whitehand and P.J. Larkham.
260 ## - PUBLICATION, DISTRIBUTION, ETC.
Place of publication, distribution, etc. London ;
-- New York :
Name of publisher, distributor, etc. Routledge,
Date of publication, distribution, etc. 1992.
300 ## - PHYSICAL DESCRIPTION
Extent xvii, 333 p. :
Other physical details ill., maps ;
Dimensions 23 cm.
500 ## - GENERAL NOTE
General note Based on a conference held in Birmingham, England, in July 1990.
526 ## - STUDY PROGRAM INFORMATION NOTE
Program name 0
Interest level 0
Reading level 0
Title point value 711_409000000000000_URB
650 #0 - SUBJECT ADDED ENTRY--TOPICAL TERM
Topical term or geographic name entry element Architecture
General subdivision Environmental aspects.
9 (RLIN) 31762
650 #0 - SUBJECT ADDED ENTRY--TOPICAL TERM
Topical term or geographic name entry element City planning
General subdivision History
9 (RLIN) 24163
650 #0 - SUBJECT ADDED ENTRY--TOPICAL TERM
Topical term or geographic name entry element MCE
9 (RLIN) 379
700 1# - ADDED ENTRY--PERSONAL NAME
Personal name Larkham, P. J.
9 (RLIN) 46004
700 1# - ADDED ENTRY--PERSONAL NAME
Personal name Whitehand, J. W. R.
9 (RLIN) 46005
856 42 - ELECTRONIC LOCATION AND ACCESS
Uniform Resource Identifier <a href="http://www.loc.gov/catdir/enhancements/fy0648/92012622-d.html">http://www.loc.gov/catdir/enhancements/fy0648/92012622-d.html</a>
942 ## - ADDED ENTRY ELEMENTS (KOHA)
Source of classification or shelving scheme
Koha item type Book
Holdings
Withdrawn status Lost status Source of classification or shelving scheme Damaged status Not for loan Permanent Location Current Location Date acquired Total Checkouts Full call number Barcode Date last seen Price effective from Koha item type
          Military College of Engineering (MCE) Military College of Engineering (MCE) 09/24/2014   711.409 URB MCE-28794 09/24/2014 09/24/2014 Book
© 2023 Central Library, National University of Sciences and Technology. All Rights Reserved.